000 00380nam a2200145Ia 4500
008 230917s9999||||xx |||||||||||||| ||und||
040 _e123492
_aMAIN
041 _aEnglish
082 _a647.94 H192H
100 _aJones, Peter, ed.
245 0 _aHandbook of hospitality operations and IT
260 _aAmsterdam
_bButterworth Heinmann
_c2008
300 _a432 p.
942 _cBK
999 _c147505
_d147505